000
00312nam a2200121Ia 4500
008
231129s1998||||xx |||||||||||||| ||spa||
082
_a
ER- 456
100
_a
Zuluaga Gómez Víctor
245
0
_a
Crónicas de la antigua Pereira
260
_c
1998
264
_a
Pereira: Gráficas Buda 1998
942
_2
ddc
_c
BKS
999
_c
8281
_d
8281